000 01572nam0a2200325 4500
001 RU\NLR\bibl\514887
005 20260407095230.0
010 _a5-901525-03-5
_93000
021 _aRU
_b2004-13487
_9692
035 _a(NLR Aleph) 000507333
090 _a1211211
_c1211211
100 _a20040423d2004 |||y0rusy50 ca
101 0 _arus
102 _aRU
105 _ay |||||||||
200 1 _aВласть в жизни и наука о власти
_eСлов.-справ.
_fНезависимый науч. фонд "Ин-т пробл. безопасности и устойчивого развития". Кратол. центр
_g[Халипов В.Ф. д.ф.н., проф. (рук.) и др.]
_gПод общ. ред. засл. деят. науки Рос. Федерации, проф. В.Ф. Халипова
_g[Предисл. - В.Ф. Халипов]
210 _aМ.
_cВитязь
_d2004
215 _a440 с.
_d21
320 _aБиблиогр.: с. 431-440
606 0 _aКратология
_jСловари
_92089993
_3RU\NLR\auth\661265081
686 _aФ011.3я2
686 _aФ.я2
702 1 _aХалипов
_bВ. Ф.
_f1930-
_gВячеслав Филиппович
_4220
712 0 2 _4570
_a"Институт проблем безопасности и устойчивого развития", независимый научный фонд
_cМосква
_3RU\NLR\AUTH\8810053139
_9606694
801 0 _aRU
_bNLR
_c20040423
_gPSBO
801 1 _aRU
_bNLR
_c20040423
830 _aСост. по базе
942 _cBOOK
980 _aNB